[Event "EU-ch U10"]
[Site "Bratislava"]
[Date "2019.08.09"]
[Round "8"]
[White "Gal, Andrej"]
[Black "Gordeev, Denis"]
[Result "1/2-1/2"]
[WhiteElo "1705"]
[BlackElo "1478"]
[PlyCount "86"]
[EventDate "2019.08.02"]
[EventType "swiss"]
[EventRounds "9"]
[EventCountry "SVK"]
[SourceTitle "EXT 2020"]
[Source "ChessBase"]
[SourceDate "2019.10.17"]
[SourceVersion "1"]
[SourceVersionDate "2019.10.17"]
[SourceQuality "1"]

1. e4 c5 2. Nf3 e6 3. c3 d5 4. exd5 Qxd5 5. d4 Nf6 6. Be2 Be7 7. 0-0 0-0 8. Be3 Ng4 9. Bf4 Nc6 10. h3 Nf6 11. dxc5 Bxc5 12. Qc2 e5 13. Bg3 e4 14. Rd1 Qf5 15. Nd4 Bxd4 16. cxd4 Rd8 17. Qa4 Nd5 18. Nc3 Nb6 19. Qb5 Qxb5 20. Nxb5 Nd5 21. Bc4 Be6 22. Nd6 Na5 23. Bxd5 Bxd5 24. b3 Rd7 25. Rac1 Nc6 26. Rc5 Ne7 27. Rdc1 Rad8 28. Rc7 Bc6 29. Rxd7 Rxd7 30. b4 a6 31. a3 g6 32. Kf1 f5 33. Be5 Nd5 34. Ke2 Kf8 35. Kd2 Ke7 36. Nc4 Bb5 37. Ne3 Bc6 38. Nxd5+ Rxd5 39. Ke3 Ke6 40. Kf4 Kf7 41. Kg5 a5 42. Rc5 axb4 43. axb4 Rxc5 1/2-1/2

[Event "EU-ch U10"]
[Site "Bratislava"]
[Date "2019.08.08"]
[Round "7"]
[White "Gordeev, Denis"]
[Black "Agasarov, Benik"]
[Result "1/2-1/2"]
[WhiteElo "1478"]
[BlackElo "1697"]
[PlyCount "77"]
[EventDate "2019.08.02"]
[EventType "swiss"]
[EventRounds "9"]
[EventCountry "SVK"]
[SourceTitle "EXT 2020"]
[Source "ChessBase"]
[SourceDate "2019.10.17"]
[SourceVersion "1"]
[SourceVersionDate "2019.10.17"]
[SourceQuality "1"]

1. d4 Nf6 2. Nc3 d5 3. Bf4 c6 4. e3 Bf5 5. f3 e6 6. g4 Bg6 7. h4 h5 8. g5 Ng8 9. Bd3 Bxd3 10. Qxd3 Bd6 11. Nge2 Ne7 12. 0-0-0 Na6 13. e4 Bxf4+ 14. Nxf4 g6 15. Rhe1 Qd6 16. Qe3 Nc7 17. Nd3 0-0 18. Ne5 b5 19. Ne2 a5 20. Ng3 Kg7 21. Qf4 Ne8 22. Kb1 a4 23. Qe3 Qc7 24. Qc3 Rc8 25. Ne2 Nd6 26. Nf4 Nc4 27. Nfd3 Nxe5 28. Nxe5 Qd6 29. Nd3 Rfd8 30. Nc5 Re8 31. Qe3 Qg3 32. Nd7 Qc7 33. Nc5 Rcd8 34. c3 Qg3 35. Rh1 Qb8 36. Nd3 Rd7 37. Ne5 Rb7 38. a3 Qc7 39. Nd3 1/2-1/2

[Event "EU-ch U10"]
[Site "Bratislava"]
[Date "2019.08.03"]
[Round "2"]
[White "Ljepic, Andrej"]
[Black "Gordeev, Denis"]
[Result "1/2-1/2"]
[WhiteElo "1786"]
[BlackElo "1478"]
[PlyCount "93"]
[EventDate "2019.08.02"]
[EventType "swiss"]
[EventRounds "9"]
[EventCountry "SVK"]
[SourceTitle "EXT 2020"]
[Source "ChessBase"]
[SourceDate "2019.10.17"]
[SourceVersion "1"]
[SourceVersionDate "2019.10.17"]
[SourceQuality "1"]

1. e4 c5 2. Nf3 e6 3. g3 Nc6 4. Bg2 Nf6 5. d3 d6 6. 0-0 Be7 7. c3 0-0 8. Qe2 Rb8 9. d4 Qc7 10. Na3 a6 11. Rd1 Nd7 12. d5 Nce5 13. Nxe5 Nxe5 14. f4 Ng6 15. dxe6 fxe6 16. Nc2 Bd7 17. Ne3 Rbd8 18. b3 b5 19. Bb2 Rfe8 20. c4 Bf8 21. Qc2 Bc6 22. Rd2 Kh8 23. h4 Ne7 24. Rad1 Nc8 25. Bf3 Qf7 26. Kg2 Nb6 27. h5 bxc4 28. Nxc4 Nxc4 29. bxc4 Kg8 30. Qc3 h6 31. Rd3 Qb7 32. Qb3 Rb8 33. Qxb7 Rxb7 34. Bc3 Reb8 35. e5 Bxf3+ 36. Kxf3 dxe5 37. Bxe5 Rc8 38. Rd8 Rxd8 39. Rxd8 Kf7 40. Ra8 Rb4 41. Rxa6 Rxc4 42. Ra7+ Kg8 43. a4 Rb4 44. Ra8 Kf7 45. a5 Ra4 46. Ra7+ Kg8 47. Ra8 1/2-1/2

[Event "RUS Cup U09 final"]
[Site "Bryansk"]
[Date "2019.01.09"]
[Round "6"]
[White "Gordeev, Denis"]
[Black "Yonal, Timur"]
[Result "0-1"]
[WhiteElo "1593"]
[BlackElo "1521"]
[PlyCount "143"]
[EventDate "2019.01.04"]
[EventType "swiss"]
[EventRounds "7"]
[EventCountry "RUS"]
[SourceTitle "EXT 2021"]
[Source "ChessBase"]
[SourceDate "2020.10.23"]
[SourceVersion "1"]
[SourceVersionDate "2020.10.23"]
[SourceQuality "1"]

1. d4 d5 2. Nc3 Nf6 3. Bf4 a6 4. e3 e6 5. Nf3 c5 6. a3 b5 7. h3 Bb7 8. dxc5 Bxc5 9. Bd3 0-0 10. 0-0 Nbd7 11. Re1 Qb6 12. b4 Be7 13. Ne5 Nxe5 14. Bxe5 Qc6 15. e4 Rfd8 16. exd5 Nxd5 17. Nxd5 Qxd5 18. Qg4 Bf8 19. Be4 Qd7 20. Red1 Qe7 21. Bxb7 Qxb7 22. c4 bxc4 23. Qxc4 Rac8 24. Qb3 Qe4 25. Bg3 Be7 26. Qa4 Bf6 27. Rac1 Rxd1+ 28. Rxd1 Ra8 29. Qd7 h6 30. Qd3 Qc6 31. Qb3 Rc8 32. a4 Qc4 33. Qxc4 Rxc4 34. Rd6 Rxb4 35. Rxa6 Bd4 36. Kf1 Rb2 37. Ra8+ Kh7 38. a5 g6 39. Rb8 Ra2 40. Rb5 Bc3 41. Bc7 Bd4 42. Bb6 Bc3 43. f3 h5 44. Rc5 Ra3 45. Rc7 Bxa5 46. Bxa5 Rxa5 47. Rxf7+ Kg8 48. Rf6 Kg7 49. Rxe6 Ra2 50. Re2 Ra1+ 51. Kf2 Ra5 52. Kg3 Kf6 53. Re4 g5 54. h4 Kf5 55. hxg5 Kxg5 56. Re8 Ra4 57. Rg8+ Kf6 58. Rh8 Kg5 59. f4+ Kg6 60. Rg8+ Kh6 61. f5 Kh7 62. Rg5 Kh6 63. Rg6+ Kh7 64. Kf3 Rb4 65. Re6 Kg7 66. Re4 Rb3+ 67. Re3 Rb4 68. Re4 Rb3+ 69. Kf4 Rb2 70. g3 Rf2+ 71. Kg5 Rf3 72. f6+ 0-1

[Event "RUS Cup U09 final"]
[Site "Bryansk"]
[Date "2019.01.08"]
[Round "5"]
[White "Gordeev, Denis"]
[Black "Gaymaleev, Rodion"]
[Result "1-0"]
[WhiteElo "1593"]
[BlackElo "1274"]
[PlyCount "79"]
[EventDate "2019.01.04"]
[EventType "swiss"]
[EventRounds "7"]
[EventCountry "RUS"]
[SourceTitle "EXT 2021"]
[Source "ChessBase"]
[SourceDate "2020.10.23"]
[SourceVersion "1"]
[SourceVersionDate "2020.10.23"]
[SourceQuality "1"]

1. d4 d5 2. Nc3 Nf6 3. Bf4 e6 4. e3 Bb4 5. Bd3 c5 6. dxc5 Nbd7 7. Nge2 Bxc5 8. 0-0 0-0 9. e4 dxe4 10. Nxe4 Nxe4 11. Bxe4 e5 12. Bd2 f5 13. Bd5+ Kh8 14. b4 Bd6 15. c4 Nf6 16. Bc3 Nxd5 17. Qxd5 Qe7 18. c5 Bc7 19. Rad1 Rd8 20. Qf3 e4 21. Qe3 Be6 22. Nd4 a5 23. bxa5 Qf7 24. c6 bxc6 25. h3 Bd5 26. Qg5 f4 27. Nf5 Rg8 28. Nh6 Qg6 29. Qxg6 hxg6 30. Nxg8 Kxg8 31. Rb1 Bxa5 32. Be5 g5 33. Rb7 Bf7 34. Rd1 g6 35. Rdd7 Bxa2 36. Ra7 Rxa7 37. Rxa7 Bb6 38. Rxa2 e3 39. fxe3 Bxe3+ 40. Kf1 1-0

[Event "RUS Cup U09 final"]
[Site "Bryansk"]
[Date "2019.01.07"]
[Round "4"]
[White "Temirbekov, Taimaz"]
[Black "Gordeev, Denis"]
[Result "0-1"]
[WhiteElo "1272"]
[BlackElo "1593"]
[PlyCount "132"]
[EventDate "2019.01.04"]
[EventType "swiss"]
[EventRounds "7"]
[EventCountry "RUS"]
[SourceTitle "EXT 2021"]
[Source "ChessBase"]
[SourceDate "2020.10.23"]
[SourceVersion "1"]
[SourceVersionDate "2020.10.23"]
[SourceQuality "1"]

1. d4 c5 2. d5 g6 3. Nc3 Bg7 4. e4 d6 5. Bb5+ Nd7 6. a4 a6 7. Be2 Ngf6 8. Nf3 0-0 9. 0-0 Qc7 10. h3 Rd8 11. Nd2 e6 12. dxe6 fxe6 13. Nc4 Nb6 14. Bf4 Nxc4 15. Bxc4 Qf7 16. e5 Ne4 17. Bh2 Nxc3 18. bxc3 d5 19. Bd3 c4 20. Be2 Bd7 21. Kh1 Bc6 22. f4 b5 23. a5 Bf8 24. Bg1 Rac8 25. Bb6 Rd7 26. Qd4 b4 27. cxb4 Bxb4 28. Rfb1 Bf8 29. g3 Re8 30. Kg2 Bb5 31. c3 Bh6 32. h4 Qf5 33. Rb2 Rf7 34. Bd1 Rc8 35. Bc5 Bf8 36. Bxf8 Rfxf8 37. Ba4 Bxa4 38. Rxa4 Rb8 39. Rab4 Rxb4 40. Rxb4 Qc2+ 41. Kf3 Qc1 42. Kf2 Qc2+ 43. Ke1 Qc1+ 44. Ke2 Qc2+ 45. Qd2 Qe4+ 46. Kf2 Qh1 47. Qe1 Qh2+ 48. Kf3 Qc2 49. Rb1 Qd3+ 50. Kf2 d4 51. cxd4 Qxd4+ 52. Qe3 Qd5 53. Qc3 Rd8 54. Rb2 Qc5+ 55. Kg2 Rd1 56. Rf2 Rd3 57. Qc1 c3 58. Ra2 Qd5+ 59. Kh3 Qxa2 60. Qh1 Qd5 61. Qb1 c2 62. Qxc2 Qh1+ 63. Kg4 Qf3+ 64. Kg5 Qh5+ 65. Kf6 Qf5+ 66. Ke7 Qf7# 0-1

[Event "EU-ch U08 28th"]
[Site "Riga"]
[Date "2018.08.27"]
[Round "7"]
[White "Azadaliyev, Jahandar"]
[Black "Gordeev, Denis"]
[Result "1-0"]
[WhiteElo "1732"]
[BlackElo "1333"]
[PlyCount "95"]
[EventDate "2018.08.20"]
[EventType "swiss"]
[EventRounds "9"]
[EventCountry "LAT"]
[SourceTitle "CBM 186 Extra"]
[Source "ChessBase"]
[SourceDate "2018.08.24"]
[SourceVersion "1"]
[SourceVersionDate "2018.08.24"]
[SourceQuality "1"]

1. d4 d5 2. c4 dxc4 3. e3 e5 4. Bxc4 exd4 5. exd4 Nf6 6. Nf3 Be7 7. 0-0 0-0 8. h3 Nbd7 9. Nc3 Nb6 10. Bb3 c6 11. Re1 Nbd5 12. a3 Re8 13. Qc2 h6 14. Bd2 Be6 15. Bxh6 Qd6 16. Bd2 Nd7 17. Nxd5 Bxd5 18. Bb4 Qf6 19. Bxe7 Rxe7 20. Bxd5 cxd5 21. Qb3 Nb6 22. Rxe7 Qxe7 23. Re1 Qd6 24. Ne5 Rc8 25. Qf3 Qf8 26. Qf5 Rc7 27. Re3 Re7 28. Rg3 Re6 29. Rg4 Rh6 30. Qg5 Rh7 31. Rf4 f6 32. Qg4 Qe8 33. Rxf6 Qe7 34. Re6 Qf8 35. Ng6 Qd8 36. Ne7+ Kh8 37. Qe2 Rh6 38. Rxh6+ gxh6 39. Qe5+ Kh7 40. Qf5+ Kg7 41. Qg6+ Kf8 42. Nf5 Qc7 43. Qxh6+ Kg8 44. Qg5+ Kf8 45. Qf6+ Kg8 46. Ne7+ Kh7 47. Qg6+ Kh8 48. Qg8# 1-0